Učitavanje...

BHARATHI (ഭാരതി)

Bibliografski detalji
Glavni autor: R. GOVINDAPILLAI
Format: Printed Book
Izdano: MANGALODAYAM
Online pristup:http://10.26.1.76/ks/006345.pdf
LEADER 00376nam a22001217a 4500
100 |a R. GOVINDAPILLAI  |9 38595 
245 |a BHARATHI (ഭാരതി) 
260 |b MANGALODAYAM 
300 |a p60-77; 112-138  |b 7.1, 1090; 7.2,1090 
856 |u http://10.26.1.76/ks/006345.pdf 
942 |c KS 
999 |c 90492  |d 90492 
952 |0 0  |1 0  |4 0  |7 0  |9 82861  |a MGUL  |b MGUL  |d 2016-08-16  |l 0  |r 2016-08-16  |w 2016-08-16  |y KS